History Quiz

Random History or Clickable Quiz

History Books: The Subtitles IV Quiz Stats

Quiz Updated Feb 21, 2018

Challenge
Share
Tweet
Embed
Score 0/15 Timer 04:00
3 Plays Today
% Correct
Tesla Vs. Edison
93.3%
Over the Edge of the World
91.9%
Hidden Figures
89.4%
Discipline and Punish
89.4%
Rasputin
89.4%
How Rome Fell
88.8%
The Lynching
87.8%
A Continent for the Taking
87.8%
% Correct
Uncommon Grounds
87.4%
Blackamoores
85.3%
Flapper
85.2%
The General and the Genius
84.5%
Empires of the Monsoon
80.2%
The Face of Battle
78%
When Churchill Slaughtered Sheep and Stalin Robbed a Bank
71.6%

You're not logged in!

Compare scores with friends on all Sporcle quizzes.
Join for Free
OR
Log In

You Might Also Like...

Show Comments

Extras

Top Quizzes Today


Score Distribution

Your Account Isn't Verified!

In order to create a playlist on Sporcle, you need to verify the email address you used during registration. Go to your Sporcle Settings to finish the process.

Report this User

Report this user for behavior that violates our Community Guidelines.

Details: